Gaming Quiz

Random Gaming or Video Games Quiz
Score 0/20 Timer 10:00
0 Plays Today
% Correct
De Santa Residence (Michael's House)
86.5%
Trevor's Trailer
86%
3671 Whispymound Drive (Franklin's House)
83.1%
Clinton Residence (Franklin and Denise Clinton)
82.6%
Vinewood Sign
82.1%
Los Santos International Airport
81.2%
Lester's House
78.7%
Galileo Observatory
68.6%
Fort Zancudo
67.1%
Vanilla Unicorn
66.7%
% Correct
Maze Bank Arena
57.5%
Lifeinvader Office
56.5%
GWC and Golfing Society
54.6%
Premium Deluxe Motorsports
52.2%
FIB and IAA Building
50.2%
Del Perro Pier
47.3%
Darnell Bros Garment Factory
46.4%
Pacific Standard Public Deposit Bank
28%
Kortz Center
28%
Ludendorff Church and Cemetery
15.5%
Remove Ads.
Support Sporcle.
Get the best of Sporcle when you Go Orange. This ad-free experience offers more features, more stats, and more fun while also helping to support Sporcle. Thank you for becoming a member.

You're not logged in!

Compare scores with friends on all Sporcle quizzes.
OR
Log In

Show Comments

Extras

Top Quizzes Today


Score Distribution

Your Account Isn't Verified!

In order to create a playlist on Sporcle, you need to verify the email address you used during registration. Go to your Sporcle Settings to finish the process.

Report this User

Report this user for behavior that violates our Community Guidelines.

Details: